Normal view
MARC view
Entry Personal Name
001 - CONTROL NUMBER
- control field: 8594
003 - CONTROL NUMBER IDENTIFIER
- control field: OSt
005 - DATE AND TIME OF LATEST TRANSACTION
- control field: 20211028145702.0
008 - FIXED-LENGTH DATA ELEMENTS
- fixed length control field: 211028|| aca||aabn | a|a d
040 ## - CATALOGING SOURCE
- Original cataloging agency: OSt
- Transcribing agency: OSt
100 ## - HEADING--PERSONAL NAME
- Personal name: Menezes, Saniha Maria; D'Souza, Manibhushan.
- Miscellaneous information: 131920
670 ## - SOURCE DATA FOUND
- Source citation: Work cat.: (OSt): Menezes, Saniha Maria; D'Souza, Manibhushan. 131920, SINGTEL: handling of user roles rights and publishing XML., 2015